000 02952nkm0a2200445 4500
001 RU\NLR\BIBL_A\011181074
005 20260408075246.0
020 _aRU
_b72
_9Ленинградские "Окна ТАСС" 1941-1945 : из собрания Отдела эстампов Российской национальной библиотеки : иллюстрированный каталог / Рос. нац. б-ка ; [сост.: М. Ю. Мельникова и др. ; авт. вступ. ст. и биогр. материалов: И. В. Селиванова]. - Санкт-Петербург: Изд-во Российской национальной библиотеки, 2015
035 _a(NLR Aleph) 011181074
090 _a13329201
_c13329201
100 _a20160725j1942 u y0rusy50 ca
101 0 _arus
102 _aRU
116 _aiiycxx bf ad
135 _acrcn 024anaba
200 1 _aАвгуст 1942. Окно ТАСС. Ленинград
_bИзоматериал
_eВестник союзной информации
_e[заголовок стенда
_eплакат]
210 _a[Ленинград]
_d1942
215 _a1 л.
_cхромолитография
_d29х107
300 _aХудожник В.Н. Селиванов
325 1 _aКопия доступна в электронной библиотеке РНБ
606 1 _aПлакат русский советский
_yЛенинград, город
_z1941 - 1945
_92096368
_3RU\NLR\AUTH\661571886
606 1 _aБлокада Ленинграда
_jПлакаты
_z1941 - 1944
_92077679
_3RU\NLR\AUTH\661253360
686 0 _aЩ153(2Р=Рус)7-466
700 1 _aСеливанов
_bВ. Н.
_f1902-1982
_gВасилий Николаевич
_4040
712 0 2 _4570
_aТелеграфное агентство СССР
_bРедакция военно-оборонного плаката "Окна ТАСС"
_3RU\NLR\AUTH\8810071442
_9644791
712 0 2 _4570
_aТелеграфное агентство СССР
_bЛенинградское областное отделение
_3RU\NLR\AUTH\885717
_9283123
852 _aNLR
_bЭ
_jПлИр995/ОКТЛ-42
_mЭпл58590
852 _aNLR
_bЭ
_jПлИр995/ОКТЛ-42
_mЭпл58821
856 0 _uhttp://vivaldi.nlr.ru/la000010500/view
856 1 _uhttp://vivaldi.nlr.ru/la000010500/cover
856 2 _uhttp://vivaldi.nlr.ru/la000010500/text
901 _eИзографические материалы
942 _cVISUAL
945 _aРоссийская национальная библиотека
980 _aBV
980 _aNB
981 3 7 _a(37) Ленинград в Великой Отечественной войне
981 1 7 _a(17) Изографические материалы
_b(17) Плакаты